Zeitgenössische Länder des Britischen Empire im Jahr 1921 - Statistiken

Allgemein
  • Dieses Quiz wurde 47 mal gespielt
  • Das Durchschnittsergebnis liegt bei 65 aus 74
Antworten auf der Karte
Die Antworten werden auf der Karte rot bzw. grün angezeigt, abhängig davon wie oft sie richtig erraten wurden.
 
Antwortstatistiken
Land % Korrekt
Kanada
100%
Ägypten
97%
Australien
97%
Indien
97%
Irak
97%
Irland
97%
Jemen
97%
Myanmar
97%
Namibia
97%
Neuseeland
97%
Oman
97%
Pakistan
97%
Papua-Neuguinea
97%
Sri Lanka
97%
Südafrika
97%
Sudan
97%
Vereinigtes Königreich
97%
Ghana
94%
Israel
94%
Jordanien
94%
Kuwait
94%
Lesotho
94%
Libyen
94%
Malaysia
94%
Nepal
94%
Tansania
94%
Vereinigte Arabische Emirate
94%
Bahrain
91%
Bangladesch
91%
Bhutan
91%
Guyana
91%
Katar
91%
Kenia
91%
Nigeria
91%
Saudi-Arabien
91%
Simbabwe
91%
Somalia
91%
Südsudan
91%
Bahamas
89%
Botswana
89%
Eswatini
89%
Malediven
89%
St. Lucia
89%
Uganda
89%
Malta
86%
Sambia
86%
Sierra Leone
86%
Singapur
86%
St. Vincent und die Grenadinen
86%
Antigua und Barbuda
83%
Barbados
83%
Jamaika
83%
Kiribati
83%
Malawi
83%
Salomonen
83%
Seychellen
83%
Türkei
83%
Tuvalu
83%
Zypern
83%
Belize
80%
Brunei
80%
Fidschi
80%
Kamerun
80%
Samoa
80%
St. Kitts und Nevis
80%
Tonga
80%
Trinidad und Tobago
77%
Vanuatu
77%
China
74%
Grenada
74%
Mauritius
71%
Nauru
69%
Dominica
63%
Gambia
51%
Keine übereinstimmenden Quizze gefunden
Verteilung der Resultate
Anzahl Personen mit jedem Resultat
Perzentil nach korrekt beantworteten Fragen
Ihre Resultats-Entwicklung
Sie haben dieses Quiz noch nicht gespielt